Пути повышения продуктивности дрожжеподобных грибов, используемых в гидролизной промышленности; Сборник трудов Всесоюзного научно-исследовательского института гидролиза растительных материалов (ВНИИГидролиз); Том 20

Bibliografiske detaljer
Parent link:Сборник трудов Всесоюзного научно-исследовательского института гидролиза растительных материалов (ВНИИГидролиз)/ Всесоюзный научно-исследовательский институт гидролиза растительных материалов (ВНИИГидролиз).— , 1968-1989
Том 20.— 1971.— С. 110-119
Hovedforfatter: Семушина Т. Н.
Sprog:russisk
Udgivet: 1971
Format: MixedMaterials Book Chapter
KOHA link:https://koha.lib.tpu.ru/cgi-bin/koha/opac-detail.pl?biblionumber=195924

MARC

LEADER 00000naa2a2200000 4500
001 195924
005 20231031182931.0
035 |a (RuTPU)RU\TPU\book\213739 
035 |a RU\TPU\book\213736 
090 |a 195924 
100 |a 20110517d1971 k y0rusy50 ca 
101 0 |a rus 
102 |a RU 
200 1 |a Пути повышения продуктивности дрожжеподобных грибов, используемых в гидролизной промышленности  |f Т. Н. Семушина 
320 |a Библиогр.: с. 119 (14 назв.) 
461 0 |0 (RuTPU)RU\TPU\book\213513  |t Сборник трудов Всесоюзного научно-исследовательского института гидролиза растительных материалов (ВНИИГидролиз)  |f Всесоюзный научно-исследовательский институт гидролиза растительных материалов (ВНИИГидролиз)  |d 1968-1989 
463 0 |0 (RuTPU)RU\TPU\book\213713  |t Том 20  |f под ред. Ю. А. Цирлина  |v С. 110-119  |d 1971  |p 199 с. 
700 1 |a Семушина  |b Т. Н. 
801 1 |a RU  |b 63413507  |c 20110517 
801 2 |a RU  |b 63413507  |c 20111012  |g RCR 
942 |c BK